Vplyv sezónnych zmien na konidiáciu Trichoderma atroviride bakalárska práca

Enregistré dans:
Détails bibliographiques
Auteur principal: Vlčková, Stanislava
Format: Livre
Langue:slovaque
Publié: Bratislava STU FCHPT 2014
Accès en ligne:Voir à l'OPAC
Tags: Ajouter un tag
Pas de tags, Soyez le premier à ajouter un tag!

MARC

LEADER 00000nam a2200000 a 4500
005 20260127134339.0
008 140818 2014 000 0 slo d
035 |a vtls010614710 
039 9 |y 201408181045  |z mschk03 
040 |a STUSCHK1  |b slo  |c STUSCHK1  |e AACR2 
100 1 |a Vlčková, Stanislava 
245 1 |a Vplyv sezónnych zmien na konidiáciu Trichoderma atroviride  |b bakalárska práca  |c Stanislava Vlčková 
260 |a Bratislava  |b STU FCHPT  |c 2014 
300 |a 44 s.  |b Obr.  |c 30 cm 
500 |a Obhájené: 15.7.2014 
500 |a Štud. program: biotechnológia a potravinárska technológia 
500 |a Štud. odbor: biotechnológie 
500 |a Škol. pracovisko: Odd. biochémie a mikrobiológie 
500 |a Evid. číslo: FCHPT-13567-42806 
910 |a SCHK95 
999 |c 10455  |d 10455